000 00561cam a22002174a 4500
005 20250605164158.0
008 250528s ||||||||||||||||||||||||d
035 _a19668
020 _a9607081641
040 _aGR-AtMCL
_bgre
_dGR-AtMCL
_eAACR2
245 1 _aΠΡΩΤΕΣ ΒΟΗΘΕΙΕΣ
250 _a2
260 _bΙατρικες Εκδόσεις Λιτσας,
_c1995
300 _a254
700 1 _aMarsden Andrew K
_95870
700 1 _aMoffat Cameron
_95871
700 1 _aScott Roy
_95872
942 _cBK
999 _c4924
_d4924